000 00498ntaaa2200169 4500
003 01
005 20251027202436.0
008 0714s1973 ag 01
040 _aAR-BaBN
_bspa
_cAR-BaBN
_eaacr
_dRIC
082 _a266.0000 D29
100 _aDavis, J. Merle
_921539
245 _aNew buildings on old foundations
250 _a1 ed. :
_bInternational Missionry Council,
_cc1945
300 _axiii, 320 p.
500 _aA handbook on stabilizing the younger churches in their environment
942 _cBK
999 _c19404
_d19404